Score 0/22 Timer 06:00
1 Play Today
% Correct
Eminem
90.3%
Jay-Z
90.2%
Twiggy
89.9%
P!nk
89.4%
Sting
87.8%
Lorde
87.2%
Ludacris
86.6%
Enya
86.4%
Moby
84%
Timbaland
80.8%
Pitbull
80.6%
% Correct
Ice-T
77.1%
Pelé
74.8%
Drake
72.8%
Flea
70.8%
Zucchero
69.1%
Coolio
65.9%
Bono
64.8%
Avicii
50.9%
Slash
47.9%
Skrillex
45.3%
Macklemore
40.3%
Remove Ads.
Support Sporcle.
Get the best of Sporcle when you Go Orange. This ad-free experience offers more features, more stats, and more fun while also helping to support Sporcle. Thank you for becoming a member.

You're not logged in!

Compare scores with friends on all Sporcle quizzes.
OR
Log In

Show Comments

Extras

Top Quizzes Today


Score Distribution

Your Account Isn't Verified!

In order to create a playlist on Sporcle, you need to verify the email address you used during registration. Go to your Sporcle Settings to finish the process.

Report this User

Report this user for behavior that violates our Community Guidelines.

Details: